| 000 | 01032nam a22001817a 4500 | ||
|---|---|---|---|
| 999 |
_c63232 _d63232 |
||
| 003 | Ge_BSU | ||
| 005 | 20250702120135.0 | ||
| 008 | 250702s1986 ge ||||| |||| 00| 0 geo d | ||
| 041 | _ageo | ||
| 080 | _a343.8(479.22)(094.4) ს-32 | ||
| 245 |
_aსაქართველოს საბჭოთა სოციალისტური რესპუბლიკის შრომა-გასწორების კოდექსი = Исправительно-трудовой кодекс : _bცვლილებებითა და დამატებებით 1986 წ. 1 იანვრისათვის / |
||
| 264 |
_aთბილისი: _bსაბჭ. საქართველო, _c 1986. |
||
| 300 |
_a200 გვ. ; _b21 სმ. |
||
| 546 | _aპარალ. ტექსტი რუს. ენ. | ||
| 653 | _aსაქართველოს შრომა-გასწორების კოდექსი. | ||
| 653 | _aსამართალი | ||
| 942 |
_2udc _cᲬᲘᲒᲜᲘ |
||